000 00325nam a2200133Ia 4500
005 20251222143132.0
008 251222s9999||||xx |||||||||||||| ||spa||
020 _a978-84-368-2150-5
082 _a150.1/R81
100 _aRomo Santos, Manuela
245 0 _aEpistemología y Psicología
264 _bPirámide
942 _cLIB
999 _c11975
_d11975